Pilgrimage Tourism/ (Record no. 152692)

MARC details
000 -LEADER
fixed length control field 00636nam a22002057a 4500
005 - DATE AND TIME OF LATEST TRANSACTION
control field 20180627162012.0
010 ## - LCCN (DPL NO)
LC control number ENG-123222
020 ## - INTERNATIONAL STANDARD BOOK NUMBER
International Standard Book Number 8183243835
Terms of availability 550.00
035 ## - SYSTEM CONTROL NUMBER
System control number EN-106754
037 ## - SOURCE OF ACQUISITION
Source of stock number/acquisition DBAD/PUB
082 ## - DEWEY DECIMAL CLASSIFICATION NUMBER
Classification number 230.91095496
100 ## - MAIN ENTRY--PERSONAL NAME
Personal name Sati, Nirmala
245 ## - TITLE STATEMENT
Title Pilgrimage Tourism/
Statement of responsibility, etc by Nirmala Sati [and] I. K. Mansoori
260 ## - PUBLICATION, DISTRIBUTION, ETC. (IMPRINT)
Place of publication, distribution, etc New Delhi
Name of publisher, distributor, etc Mittal Publications
Date of publication, distribution, etc 2012
270 ## - ADDRESS
Address 4594/9, Daryaganj,
City New Delhi
Postal code 110002
300 ## - PHYSICAL DESCRIPTION
Extent 152p.
Dimensions 21cm(Hb)
Other physical details ill.
500 ## - GENERAL NOTE
General note It include bibliographical references and index
700 ## - ADDED ENTRY--PERSONAL NAME
Personal name Mansoori I. K.
942 ## - ADDED ENTRY ELEMENTS (KOHA)
Source of classification or shelving scheme Dewey Decimal Classification
Item type English Books
Call number suffix SAT
Classification part 230.91095496
Holdings
Withdrawn status Lost status Not for loan Collection code Home library Current library Date acquired Source of acquisition Cost, normal purchase price Full call number Barcode Copy number Cost, replacement price Koha item type
    Not For Loan Non-fiction D.B.Act.Division Central Library 14/06/2018 DBAD/PUB 550.00 230.91095496 SAT EN-106754 1 550.00 English Books

© Delhi Public Library
Hit Counter
free hit counter